INDUSTRIAL SAFETY MANAGEMENT:hazard identification and risk control (Record no. 5685)

MARC details
000 -LEADER
fixed length control field 00442nam a22001577a 4500
005 - DATE AND TIME OF LATEST TRANSACTION
control field 20180315163802.0
008 - FIXED-LENGTH DATA ELEMENTS--GENERAL INFORMATION
fixed length control field 180315b xxu||||| |||| 00| 0 eng d
020 ## - INTERNATIONAL STANDARD BOOK NUMBER
ISBN 978-0-07-061768-1
041 ## - LANGUAGE CODE
Language code of text/sound track or separate title eng
082 ## - DEWEY DECIMAL CLASSIFICATION NUMBER
Classification number 658.408
100 ## - MAIN ENTRY--AUTHOR NAME
Personal name DESHMUKH, L.M.
245 ## - TITLE STATEMENT
Title INDUSTRIAL SAFETY MANAGEMENT:hazard identification and risk control
260 ## - PUBLICATION, DISTRIBUTION, ETC. (IMPRINT)
Place of publication new delhi
Name of publisher TATA McGRAW HILL EDU.PVT.LTD
Year of publication 2006
300 ## - PHYSICAL DESCRIPTION
Number of Pages 369p,XIX.
942 ## - ADDED ENTRY ELEMENTS (KOHA)
Koha item type Books
Holdings
Lost status Damaged status Collection code Home library Current library Shelving location Date acquired Source of acquisition Cost, normal purchase price Full call number Accession Number Koha item type
    MANAGEMENT JRU Library JRU Library SHELF-30-H 15/03/2018 PURCHESS 885.00 658.408 22330 Books
      JRU Library   Shelf - 24- C 15/03/2018 PURCHESS 885.00 658.408 22331 Books